00903nam a22002537a 450000500170000001000130001702000230003003500130005303700160006604000120008208200170009410000200011124500800013126000420021127000430025330000320029650000500032865000370037865000350041570000260045094200260047699900190050295201280052120170124110117.0 aB-190963 c295.00a8170999507 aB-190963 bCen Lib/Ret aDPLbEN a363.729bHEM aHema, B.930207 aEnvironmental perception of slum dwellers /cby B.Hema [and] Shagufta Jamal aNew DelhibMittal Publications c2004 bNew DelhiaA-110, Mohan Gardene110059 axii,118p. :c21cm(Hb)bill. aIncludes bibliographical references and index aEcology -- Public opinion930208 aGeographical perception930209 aShagufta Jamal930210 2ddccENh363.729mHEM c130830d130830 00104070aLbLd2015-07-10eCen Lib/Retg295.00l0o363.729 HEMpB-190963r2015-07-10 00:00:00t1v295.00w2015-07-10yEN